000 00398nam a2200157Ia 4500
005 20240806030528.0
008 240331s9999 xx 000 0 und d
082 _bADU
_a374
245 0 _aAdult education and development
260 _aGermany
_b Adult Education Association
_c1990
300 _a408 p .,
650 _aEducation
650 _aDevelopment
700 _aHinzen, H.
_eedt
942 _cL
999 _c2933
_d2933